000
00320nam a22001217a 4500
999
_c
9217
_d
9217
003
OSt
008
201119b ||||| |||| 00| 0 eng d
100
_a
Malik, Surajbhan and Other
245
_a
Vector Calculus B.A./B.Sc.-I, Sem-II
260
_a
New Delhi
_b
Jeevansons
_c
2020
650
_a
B.Sc Non Medical
942
_2
ddc
_c
BK